| 000 | 004370000a22001690004500 | ||
|---|---|---|---|
| 003 | MACL | ||
| 005 | 20151227131626.0 | ||
| 008 | 151227b xxu||||| |||| 00| 0 eng d | ||
| 040 |
_aMACL _cmacl |
||
| 041 | _aEnglish | ||
| 082 | _a02.53/RAN | ||
| 100 |
_aRanganathan, S R _923178 |
||
| 245 | _aColon Classification | ||
| 260 |
_bMadras Library Association _c1952 _aMadras |
||
| 650 |
_aLibrary Science _957 |
||
| 942 |
_cBK _k025.43/RAN _2ddc |
||
| 999 |
_c39006 _d39006 |
||